[Event "ENG-ch Seniors 50"]
[Site "Milton Keynes"]
[Date "2021.10.06"]
[Round "3"]
[White "Woods, Timothy J"]
[Black "Crocker, Philip J"]
[Result "0-1"]
[WhiteElo "1565"]
[BlackElo "2109"]
[PlyCount "52"]
[EventDate "2021.10.04"]
[EventType "swiss"]
[EventRounds "7"]
[EventCountry "ENG"]
[SourceTitle "EXT 2023"]
[Source "ChessBase"]
[SourceDate "2022.10.05"]
[SourceVersion "1"]
[SourceVersionDate "2022.10.05"]
[SourceQuality "1"]

1. e4 e5 2. Bc4 Nf6 3. d3 Nc6 4. Nf3 Bc5 5. c3 a6 6. 0-0 d6 7. b4 Ba7 8. h3 0-0 9. Re1 h6 10. Nbd2 Re8 11. Nf1 Be6 12. Ng3 Bxc4 13. dxc4 Ne7 14. Nh4 Kh7 15. Qf3 Neg8 16. Nhf5 g6 17. Ne3 Rf8 18. Nd5 Nxd5 19. cxd5 Qd7 20. Be3 Bxe3 21. Qxe3 f5 22. Qd3 f4 23. Nf1 f3 24. g4 h5 25. Nh2 hxg4 26. Nxg4 Nh6 0-1

[Event "London Classic op U1825 11th"]
[Site "London"]
[Date "2019.11.30"]
[Round "3"]
[White "Farahi Far, Arman"]
[Black "Woods, Timothy J"]
[Result "0-1"]
[WhiteElo "1374"]
[BlackElo "1590"]
[PlyCount "70"]
[EventDate "2019.11.29"]
[EventType "swiss"]
[EventRounds "5"]
[EventCountry "ENG"]
[SourceTitle "CBM 195 Extra"]
[Source "ChessBase"]
[SourceDate "2020.05.31"]
[SourceVersion "1"]
[SourceVersionDate "2020.05.31"]
[SourceQuality "1"]

1. d4 d6 2. Nf3 g6 3. c4 Nf6 4. g3 Bg7 5. Bg2 0-0 6. 0-0 Nc6 7. Nc3 a6 8. e4 e5 9. d5 Ne7 10. h3 Ne8 11. Ne1 f5 12. f4 Nf6 13. fxe5 dxe5 14. Qe2 Nh5 15. Qd3 f4 16. gxf4 exf4 17. b4 g5 18. Nf3 Ng6 19. Re1 Ne5 20. Nxe5 Bxe5 21. Bb2 f3 22. Bxf3 Nf4 23. Qc2 Nxh3+ 24. Kg2 Rxf3 25. Kxf3 Qf6+ 26. Kg2 Qf4 27. Kh1 Nf2+ 28. Kg1 Qh2+ 29. Kf1 Bh3+ 30. Ke2 Bg4+ 31. Kd2 Bf4+ 32. Re3 Nxe4+ 33. Kd3 Nf2+ 34. Kd4 Bxe3+ 35. Kxe3 Qf4# 0-1

[Event "BCF-chT4S 1718 (4NCL)"]
[Site "England"]
[Date "2018.05.05"]
[Round "9.86"]
[White "Dhemrait, Surjit S"]
[Black "Woods, Timothy J"]
[Result "1/2-1/2"]
[WhiteElo "1496"]
[BlackElo "1642"]
[PlyCount "57"]
[EventDate "2017.11.11"]
[EventType "team-swiss"]
[EventRounds "11"]
[EventCountry "ENG"]
[SourceTitle "EXT 2020"]
[Source "ChessBase"]
[SourceDate "2019.10.17"]
[SourceVersion "1"]
[SourceVersionDate "2019.10.17"]
[SourceQuality "1"]
[WhiteTeam "Cambridge University III"]
[BlackTeam "Sussex Martlets III"]
[WhiteTeamCountry "ENG"]
[BlackTeamCountry "ENG"]

1. e4 d6 2. Nc3 g6 3. d4 Nf6 4. f4 Bg7 5. Nf3 c5 6. dxc5 Qa5 7. cxd6 Nxe4 8. Bb5+ Bd7 9. Bxd7+ Nxd7 10. Bd2 Nxc3 11. Bxc3 Bxc3+ 12. bxc3 Qxc3+ 13. Nd2 Qe3+ 14. Qe2 Qxe2+ 15. Kxe2 exd6 16. Rhe1 0-0-0 17. Kf2 Rhe8 18. Red1 Nf6 19. Kf3 Kc7 20. Rac1 Kc6 21. Nb3 d5 22. c4 dxc4 23. Rxc4+ Kb5 24. Rc5+ Kb6 25. Rxd8 Rxd8 26. Re5 Rd7 27. Nc5 Rc7 28. Na4+ Ka6 29. Nc5+ 1/2-1/2

[Event "BCF-chT4S 1617 (4NCL)"]
[Site "England"]
[Date "2017.04.29"]
[Round "9.91"]
[White "Ogunshola, Ben"]
[Black "Woods, Timothy J"]
[Result "1-0"]
[WhiteElo "2152"]
[BlackElo "1645"]
[PlyCount "67"]
[EventDate "2016.11.26"]
[EventType "team-swiss"]
[EventRounds "11"]
[EventCountry "ENG"]
[SourceTitle "EXT 2019"]
[Source "ChessBase"]
[SourceDate "2018.10.10"]
[SourceVersion "1"]
[SourceVersionDate "2018.10.10"]
[SourceQuality "1"]
[WhiteTeam "The Pitstop"]
[BlackTeam "Sussex Martlets III"]
[WhiteTeamCountry "ENG"]
[BlackTeamCountry "ENG"]

1. c4 g6 2. Nc3 Bg7 3. g3 d6 4. Bg2 Nc6 5. Rb1 a5 6. a3 e5 7. d3 f5 8. b4 axb4 9. axb4 Nf6 10. b5 Ne7 11. Nf3 0-0 12. Bg5 h6 13. Bxf6 Bxf6 14. Qc2 g5 15. Nd5 Bg7 16. Nxe7+ Qxe7 17. Nd2 Kh8 18. 0-0 Qf7 19. Ra1 Rxa1 20. Rxa1 e4 21. Ra8 Qh5 22. Nb3 exd3 23. Qxd3 Qf7 24. Nd2 b6 25. Ra7 Be6 26. Bd5 Rc8 27. Nf3 Bxd5 28. cxd5 Kh7 29. g4 Kg6 30. Nd2 Re8 31. Nc4 Re4 32. gxf5+ Qxf5 33. Ne3 Qf4 34. Ra4 1-0

[Event "BCF-chT4S 1617 (4NCL)"]
[Site "England"]
[Date "2017.03.19"]
[Round "8.92"]
[White "Jones, Robert L"]
[Black "Woods, Timothy J"]
[Result "1-0"]
[WhiteElo "1781"]
[BlackElo "1645"]
[PlyCount "103"]
[EventDate "2016.11.26"]
[EventType "team-swiss"]
[EventRounds "11"]
[EventCountry "ENG"]
[SourceTitle "EXT 2019"]
[Source "ChessBase"]
[SourceDate "2018.10.10"]
[SourceVersion "1"]
[SourceVersionDate "2018.10.10"]
[SourceQuality "1"]
[WhiteTeam "Iceni II"]
[BlackTeam "Sussex Martlets III"]
[WhiteTeamCountry "ENG"]
[BlackTeamCountry "ENG"]

1. d4 d6 2. c4 Nf6 3. Nc3 g6 4. e4 Bg7 5. f3 0-0 6. Be3 Nbd7 7. Nh3 c5 8. Qd2 Qa5 9. Be2 a6 10. Nf2 cxd4 11. Bxd4 Ne5 12. Bxe5 Qxe5 13. 0-0-0 Qa5 14. Kb1 b5 15. Nd5 Qd8 16. cxb5 axb5 17. Nb4 Be6 18. a3 Qb6 19. Nfd3 Nd7 20. Nf4 Nc5 21. Nfd5 Bxd5 22. Nxd5 Qb7 23. Qb4 Rfb8 24. Nc3 Na4 25. Nxa4 Rxa4 26. Qb3 Raa8 27. Rd5 b4 28. a4 Qa7 29. Bb5 e6 30. Rdd1 Qa5 31. Rhe1 Bf8 32. Re2 Bh6 33. g3 Bf8 34. Rd4 Qa7 35. Red2 e5 36. Rd5 Be7 37. Qxb4 Qe3 38. R5d3 Qb6 39. Qb3 Qa7 40. Qd5 Qa5 41. Bc6 Ra7 42. Qxa5 Rxa5 43. Rd5 Rc5 44. Bb5 Ra8 45. Rxc5 dxc5 46. b3 Rd8 47. Rxd8+ Bxd8 48. Kc2 Kf8 49. Kd3 Ke7 50. Kc4 Kd6 51. Be8 f6 52. Kb5 1-0

[Event "BCF-ch Seniors 50 U150 /1750"]
[Site "Bournemouth"]
[Date "2016.07.26"]
[Round "2"]
[White "Fraser, Chris A"]
[Black "Woods, Timothy J"]
[Result "0-1"]
[WhiteElo "1307"]
[BlackElo "1713"]
[PlyCount "80"]
[EventDate "2016.07.25"]
[EventType "swiss"]
[EventRounds "5"]
[EventCountry "ENG"]
[SourceTitle "EXT 2019"]
[Source "ChessBase"]
[SourceDate "2018.10.10"]
[SourceVersion "1"]
[SourceVersionDate "2018.10.10"]
[SourceQuality "1"]

1. c4 g6 2. g3 Bg7 3. Nc3 d6 4. Bg2 Nc6 5. d3 e5 6. e4 Nf6 7. Nge2 0-0 8. 0-0 Bd7 9. Bg5 h6 10. Bxf6 Qxf6 11. Nd5 Qd8 12. Qd2 f5 13. f4 Ne7 14. Nxe7+ Qxe7 15. exf5 Bxf5 16. Bxb7 Rab8 17. Bd5+ Kh7 18. Rab1 exf4 19. Nxf4 Qe5 20. b3 Qd4+ 21. Kh1 Rbe8 22. Rbe1 Be5 23. Bc6 Bxf4 24. Rxf4 Qxd3 25. Qxd3 Rxe1+ 26. Qf1 Rxf1+ 27. Rxf1 Be4+ 28. Kg1 Rxf1+ 29. Kxf1 Bxc6 30. Kf2 Kg7 31. Ke3 Kf6 32. b4 Ke5 33. a3 Bd7 34. Kd3 Bf5+ 35. Kc3 Ke4 36. c5 dxc5 37. bxc5 Kd5 38. Kb4 Bd7 39. a4 Bxa4 40. Kxa4 Kxc5 0-1